000 00777nam a2200265Ia 4500
003 OSt
005 20220925164938.0
006 a|||||r|||| 00| 0
007 ta
008 220923b |||||||| |||| 00| 0 eng d
020 _a0566083728
037 _cGeneral Book
040 _aRTL
_cRTL
_beng
041 _2eng
_aeng
082 _aX:8D, P2
100 _aGreenwood Robert P Ed.
_9231797
245 0 _aHandbook of financial planning and control
250 _a3rd
260 _aAldershot
_bGower
_c2002
300 _axxiii, 379p. Bibliography chapterwise
_ccm.
500 _aPublished previously as financial plannig and control
650 _aFinence
_9231798
942 _hX:8D, P2
_cGB
_2CC
999 _c476137
_d476137